Countries by Methane Emissions per Capita - Statistics

General Stats
  • This quiz has been taken 11 times
  • The average score is 7 of 15
Answer Stats
Emissions/Capita Continent Country % Correct
5.39t Oceania Australia
75%
6.80t Oceania New Zealand
75%
8.19t North America Barbados
63%
4.71 Asia Russia
63%
5.87t Asia Kuwait
50%
9.35t Africa Libya
50%
4.21 South America Paraguay
50%
7.57t Asia Qatar
50%
5.10t Asia United Arab Emirates
50%
5.99t South America Uruguay
50%
10.61t Asia Bahrain
38%
18.05t North America Grenada
25%
5.83t Asia Mongolia
25%
5.03 Americas Trinidad and Tobago
25%
13.54t Asia Turkmenistan
25%
No matching quizzes found
Score Distribution
Percent of People with Each Score
Percentile by Number Answered
Your Score History
You have not taken this quiz